000 00830nam a2200265 a 4500
001 67443
003 BD-RjUL
005 20211209081645.0
008 170325s1958 caua b 001 0 eng d
035 _a(BD-RjUL)67574
035 _a(OCoLC)194154
040 _aDLC
_cODaWU
_dOCoLC
_dUk
_dDLC
_beng
041 _aeng
082 _223
_a153.7
_bPER 1958.
245 1 0 _aPerson perception and interpersonal behavior /
_cedited by Renato Tagiuri and Luigi Petrullo.
260 _aStanford :
_bStanford University Press,
_cc1958.
300 _axx, 390 p. :
_bill. ;
_c25 cm.
504 _aIncludes bibliographies and indexes.
650 0 _aPerception.
_9199848
650 0 _aInterpersonal relations.
_9199849
700 1 _aTagiuri, Renato.
_9199850
700 1 _aPetrullo, Luigi,
_9101560
942 _2ddc
_cBK
999 _c67443
_d67443